Video Games By Antonyms - Statistics

General Stats
  • This quiz has been taken 86 times
  • The average score is 8 of 17
Answer Stats
Hint Answer % Correct
The First Of Them The Last Of Us
97%
Devil Of Peace God Of War
75%
Immortal Fights Mortal Kombat
70%
Full Death Half Life
65%
Blue Living Irredeemable Red Dead Redemption
65%
Wood Mechanism Liquid Metal Gear Solid
63%
God will smile Devil May Cry
59%
Living Darkness Dying Light
58%
Close Smile Farcry
46%
Discovered Uncharted
41%
First Reality Final Fantasy
38%
Heaven Kept Tight Hell Let Loose
35%
Death Makes Sense Life Is Strange
32%
Landlord Holy Resident Evil
27%
Stand In Fallout
23%
Bodyguard's Nonbeleif Assassin's Creed
21%
Respected First Daughter inFamous Second Son
11%
No matching quizzes found
Score Distribution
Percent of People with Each Score
Percentile by Number Answered
Your Score History
You have not taken this quiz